Регионална библиотека "Любен Каравелов" - Русе

Проектиране на селскостопански агрегати и технологични комплекси (Запис номер 59981)

MARC детайли
000 -Лидер
Контролно поле с фиксирана дължина 01442nam a2200337 c 4500
003 - Код на организацията, давaща контролен номер
Контролно поле BLK
005 - Дата и час на последна редакция
Контролно поле 20180420222922.0
008 - Елементи от данни с фиксирана дължина
fixed length control field 180408b bul|||||r ||||||| ||bul||
010 ## - Наследен системен номер
LC control number KNG00064109000
040 ## - Източник на каталожния запис
Идентификатор на билиотеката - собственик на записа BLK
041 ## - Код за език
Код за езика на текст/звукозапис или на отделно заглавие Български
Код за езика КДБФ Български
080 ## - УДК
Текстов определител УДК Селскостопански машини и инструменти. Селскостопанско машиностроене
УДК код - определител по УДК 631.3
УДК определител (075.8)
УДК - код + определител 631.3(075.8)
100 1# - Редна дума - Автор
Автор Везиров, Чавдар Златков
Авторска отговорност първи автор
R(LIN) 277362
139 ## - Редно поле
Редна дума Везиров, Чавдар Златков
Авторски знак Вез - В 36
245 10 - Сведения за заглавието
Заглавие Проектиране на селскостопански агрегати и технологични комплекси
Подзаглавни данни Записки за студентите от ВТУ А. Кънчев - Русе
Редно поле (дума) Чавдар Златков Везиров.
257 ## - Страна на издаване
Страна на създаване/издаване България
260 ## - Област на издателските данни
-- Русе
Име на издателя, разпространителя и проч. ВТУ Ангел Кънчев
Година на издаване 1985
300 ## - Физическа характеристика
Страници 300 с.
Илюстрации и др. със сх., табл., диагр.
Размери/Мащаб 22 см
380 ## - Жанр
Жанр Селско стопанство
500 ## - Общи забележки
Забележка Библиогр. с. 296-298.
504 ## - Забележка за наличие на библиография и др
Забележка за наличие на библиография и под. 296-298
650 #4 - Допълнително описание по предмет – тема
Основно описание – тема или топоним Селскостопанска техника
9 (RLIN) 274067
653 ## - Ключова дума – ненормативна
Ключова дума селскостопанска техника
653 ## - Ключова дума – ненормативна
Ключова дума проектиране
653 ## - Ключова дума – ненормативна
Ключова дума учебници за ВУЗ
852 ## - Местоположение
Форматна сигнатура Цб 140145
856 4# - Електронен адрес и достъп
Електронен формат pdf - файл
Път до файла /url/
856 4# - Електронен адрес и достъп
Електронен формат pdf - файл
Път до файла /url/
942 ## - АРТИКУЛИ
Вид на библиотечния материал Книги
Скрит в OPAC Не
944 ## - СЪЗДАВАНЕ И РЕДАКЦИЯ на ЗАПИСА
Създаване/Редакция Създаване
Дата на регистрацията/редакция 13.06.2004
Служител, извършил регистрацията/редакцията Людмила_Стоянова
944 ## - СЪЗДАВАНЕ И РЕДАКЦИЯ на ЗАПИСА
Създаване/Редакция Редакция
Дата на регистрацията/редакция 16.08.2010
Служител, извършил регистрацията/редакцията
999 ## - СИСТЕМНИ КОНТРОЛНИ НОМЕРА
Koha biblionumber 59981
Koha biblioitemnumber 59981
Наличности
Код за отписване Код за изгубен артикул Източник на класификационната схема Код за повреда Коз за рестрикции Код за отдаване Артикулен № Име на библиотеката - собственик Име на библиотеката, в която се намира в момента Статус (Текущо местоположение) Дата на вписване в системата Местоположение - отдел Цена в лева Инвентарен номер Систематично азбучна сигнатура Баркод Номер на екземпляра Цена в евро Служебна бележка Служебен тип на артикула
Изтеглен Не е изгубен Universal Decimal Classification Не е повреден без рестрикции ползва се в читалня 98370 Регионална библиотека "Любен Каравелов" Русе Регионална библиотека "Любен Каравелов" Русе Читалня 1993-01-01 Читалня 1.30 450089 Ч 631.3/В 36 450089 1 0.66 Дост: Pk Вид: Ф N: стар фонд Дата: 01.01.1985 Дата инв: 20.03.2017 Бележки инв: Ч2017 Книги
  Не е изгубен Universal Decimal Classification Не е повреден без рестрикции ползва се в читалня 98371 Регионална библиотека "Любен Каравелов" Русе Регионална библиотека "Любен Каравелов" Русе Хранилище 1985-01-01 Хранилище 1.30 444394 Цб 140145 120000444394 2 0.66 Дост: Dp Вид: Д N: стар фонд Дата: 01.01.1985 Книги
Vip Innovations Ltd, Rousse, Bulgaria 2025